Datum a čas kvízu
20
Celkem bodů
Celkový počet nahraných bodů na tomto kvízu bez doplňovacích otázek.
7.
Pořadí na kvízu
Konečné umístění týmu na tomto kvízu.
Zaznamenané odpovědi
| # | Otázka | Odpověď | Body | Výsledky |
|---|---|---|---|---|
| 1. | Předsedou KDU-ČSL se na pátečn... | Marek Výborný | 0 | |
| 2. | Letadlo charterové společnosti... | Edinburgh | 0 | |
| 3. | Videoklip jedné hudební kapely... | Rammstein | 1 | |
| 4. | Tři moravské pivovary přestan... | Litovel, Zubr, Holba | 1 | |
| 5. | 37letý záložník, hráč klubu AC... | Marek Matějovský | 1 | |
| 6. | Vaším úkolem bude uhodnout kře... | Jaroslav / Tomáš Satoranský | 0 | |
| 7. | Čtvrté nejčastější příjmení v... | Petr / Pavel / Petra Svoboda | 1 | |
| 8. | Nejstarším z další trojice je... | Emanuel / David Moravec; Nikol Moravcová | 0 | |
| 9. | Slovenský jazzový a bluesový z... | Peter / Dua Lipa | 0 | |
| 10. | Americký politik a aktivista,... | John / James / Melanie Brown | 0 |